Gravity model

Teória Gravity modelu a jeho aplikácia v prípade Slovenskej republiky a krajín, s ktorými má Slovensko najväčšie obchodné väzby.

Enregistré dans:
Détails bibliographiques
Auteur principal: Darmo, Ľubomír, 1984-
Format: Chapitre de livre
Langue:slovaque
Sujets:
Tags: Ajouter un tag
Pas de tags, Soyez le premier à ajouter un tag!

MARC

LEADER 00000nla$a2200000$$$4500
001 0144587
005 20240502083334.5
041 0 |a slo 
044 |a CZ 
245 1 0 |a Gravity model  |c Ľubomír Darmo 
520 |a Teória Gravity modelu a jeho aplikácia v prípade Slovenskej republiky a krajín, s ktorými má Slovensko najväčšie obchodné väzby. 
610 2 0 |a obchod medzinárodný 
610 2 0 |a investície priame zahraničné 
610 2 0 |a euromena 
610 2 0 |a Európska menová únia 
610 2 0 |a modely 
610 2 0 |a modely obchodu zahraničného 
100 1 |a Darmo, Ľubomír, 1984-